北京地铁6号线地铁站 - Statistics

General Stats
  • This quiz has been taken 14 times
  • The average score is 27 of 35
Answer Stats
Transfers Remarks Stations % Correct
1号线(暂缓开通) S1线 苹果园
100%
2号线 车公庄
100%
海淀五路居
91%
10号线 慈寿寺
91%
9号线 白石桥南
91%
车公庄西
91%
4号线 19号线 平安里
91%
北海北
91%
8号线 南锣鼓巷
91%
5号线 东四
91%
2号线 朝阳门
91%
11号线 S1线 金安桥
82%
田村
82%
16号线 二里沟
82%
东大桥
82%
10号线 呼家楼
82%
通州北关
82%
暂缓开通 通运门
82%
潞城
82%
廖公庄
73%
花园桥
73%
14号线 金台路
73%
十里堡
73%
青年路
73%
常营
73%
物资学院路
73%
北运河西
73%
北运河东
73%
褡裢坡
64%
草房
64%
杨庄
55%
西黄村
55%
黄渠
55%
郝家府
55%
东夏园
55%
No matching quizzes found
Score Distribution
Percent of People with Each Score
Percentile by Number Answered
Your Score History
You have not taken this quiz